La pobreza es noticia: un estudio sobre los noticieros centrales de la televisión chilena

Salvato in:
Dettagli Bibliografici
Enti autori: Hogar de Cristo (Autore), Universidad Diego Portales (Autore), Fundación para la Superación de la Pobreza (Autore)
Natura: Libro
Lingua:spagnolo
Pubblicazione: Santiago Hogar de Cristo 2005
Santiago Universidad Diego Portales 2005
Santiago Fundación para la Superación de la Pobreza 2005
Edizione:1a. ed
Serie:Comunicación y Pobreza
Soggetti:
Tags: Aggiungi Tag
Nessun Tag, puoi essere il primo ad aggiungerne!!

MARC

LEADER 00000nam a2200000 a 4500
001 UCK8118
003 CL-VaPUC
008 060120e20051100cl |||||||||||||||||spa|d
020 |a 9567446032 
082 0 4 |a 070.195  |b HOG  |2 21 
110 2 |a Hogar de Cristo  |e author  |9 497908 
710 2 |a Universidad Diego Portales  |e author  |9 497909 
710 2 |a Fundación para la Superación de la Pobreza  |e author  |9 497910 
245 1 3 |a La pobreza es noticia: un estudio sobre los noticieros centrales de la televisión chilena 
250 |a 1a. ed 
300 |a 80 p 
942 |c BK 
945 |d 20060120 00:00:00  |a cmena 
260 |a Santiago  |b Hogar de Cristo  |c 2005 
260 |a Santiago  |b Universidad Diego Portales  |c 2005 
260 |a Santiago  |b Fundación para la Superación de la Pobreza  |c 2005 
650 7 |a NOTICIERO DE TELEVISION  |2 CL-VaPUC  |9 335094 
650 0 |a Pobreza  |9 258652 
650 0 |a Problemas sociales  |9 258537 
650 0 |a Periodismo   |9 310113 
583 |a last modification  |c 20171017 02:51:08  |k Rodrigo Vera 
490 0 |a Comunicación y Pobreza 
999 |c 315923  |d 315921 
952 |0 0  |1 0  |4 0  |6 070_195000000000000_HOG_2005_2005_2005  |7 0  |8 A  |9 389790  |a BIBCUR  |b BIBCUR  |d 2019-11-22  |i 4203291  |o 070.195 HOG 2005 2005 2005  |p 4203291  |r 2025-04-22  |w 2019-11-22  |y BK  |k PER